| 000 | 00373nam a22001577a 4500 | ||
|---|---|---|---|
| 005 | 20180328124343.0 | ||
| 008 | 160614b xxu||||| |||| 00| 0 eng d | ||
| 041 | _aeng | ||
| 082 |
_b7457 _a338.7 |
||
| 100 |
_aMishra, S.K. and puri, U.K. _91893 |
||
| 245 | _aEconomic Environment of Business | ||
| 260 | _bHPH | ||
| 300 | _a640 | ||
| 650 |
_aManagement _9241 |
||
| 942 | _cBK | ||
| 999 |
_c2662 _d2661 |
||